Catálogo
 En Linea

Memoria de gestión 2004-2008. (Registro nro. 47197)

Detalles MARC
000 -CABECERA
campo de control de longitud fija 00558nam a2200169 a 4500
001 - NÚMERO DE CONTROL
campo de control 000047709
005 - FECHA Y HORA DE LA ÚLTIMA TRANSACCIÓN
campo de control 20201002060706.0
008 - DATOS DE LONGITUD FIJA--INFORMACIÓN GENERAL
campo de control de longitud fija 110415s2008 dr a 000 0 spa d
040 ## - FUENTE DE LA CATALOGACIÓN
Centro catalogador/agencia de origen DO-SdBNP
Lengua de catalogación spa
Centro/agencia transcriptor BNPHU
082 ## - NÚMERO DE LA CLASIFICACIÓN DECIMAL DEWEY
Número de clasificación xxx
Número de documento/Ítem R426o
110 1# - ENTRADA PRINCIPAL--NOMBRE DE ENTIDAD CORPORATIVA
Nombre de entidad corporativa o nombre de jurisdicción como elemento de entrada Secretaría de Estado de Educación.
9 (RLIN) 12759
245 10 - MENCIÓN DE TÍTULO
Título Memoria de gestión 2004-2008.
246 14 - FORMA VARIANTE DE TÍTULO
Título propio/Titulo breve Grandes retos, importantes avances :
Resto del título Memorias 2004/2008
260 ## - PUBLICACIÓN, DISTRIBUCIÓN, ETC.
Lugar de publicación, distribución, etc. Santo Domingo :
Nombre del editor, distribuidor, etc. Gestión Educativa,
Fecha de publicación, distribución, etc. 2008.
300 ## - DESCRIPCIÓN FÍSICA
Extensión 147 p. :
Otras características físicas il., gráfs., retrs. ;
Dimensiones 30 cm.
590 ## - NOTA LOCAL (RLIN)
Nota local Inventariado, 2018/VM
Existencias
Estado de retiro Estado de pérdida No para préstamo Código de colección Localización permanente Ubicación/localización actual Ubicación en estantería Fecha de adquisición Número de inventario Total de préstamos Signatura topográfica completa Código de barras Fecha visto por última vez Precio válido a partir de Tipo de ítem Koha
    Excluido de préstamo Patrimonio Dominicano Patrimonio Dominicano Patrimonio Dominicano Depósito 23.07.2018 LF1   xxx R426o 47709-10 25.06.2020 25.06.2020 Libro y Folleto Colección Patrimonio Dominicano

Con tecnología Koha